|
|
|
|
| LEADER |
00799nam a2200217 a 4500 |
| 001 |
c000067979 |
| 003 |
CARM |
| 005 |
19931126000000.0 |
| 008 |
861105s1964 enk 000 1 eng d |
| 019 |
1 |
|
|a 4842012
|z 43295876
|5 LACONCORD2021
|
| 035 |
|
|
|a (OCoLC)4221793
|5 LACONCORD2021
|
| 040 |
|
|
|a WU
|b eng
|c WU
|d XNTU
|
| 082 |
1 |
4 |
|a 823.914
|2 19
|
| 100 |
1 |
|
|a Thomas, Dylan,
|d 1914-1953.
|
| 245 |
1 |
4 |
|a The beach of Falesa /
|c Dylan Thomas.
|
| 260 |
|
|
|a London :
|b Jonathan Cape,
|c 1964.
|
| 300 |
|
|
|a 124 p. ;
|c 20 cm.
|
| 500 |
|
|
|a Based on a story by Robert Louis Stevenson.
|
| 852 |
8 |
|
|b CARM
|h A2:AH09G0
|i A01874
|p 0135138
|f BK
|
| 999 |
f |
f |
|i 40af78fa-c878-55f8-bb18-52942aa125a3
|s a4ba0ced-1a20-5494-b018-21612ab2a674
|
| 952 |
f |
f |
|p Can circulate
|a CAVAL
|b CAVAL
|c CAVAL
|d CARM 1 Store
|e A01874
|f A2:AH09G0
|h Other scheme
|i book
|m 0135138
|